Регионална библиотека "Любен Каравелов" - Русе

Изкуството на старата българска кухня (Запис номер 380814)

MARC детайли
000 -Лидер
Контролно поле с фиксирана дължина 01078nam a22002657a 4500
003 - Код на организацията, давaща контролен номер
Контролно поле BLK
005 - Дата и час на последна редакция
Контролно поле 20240308134119.0
008 - Елементи от данни с фиксирана дължина
fixed length control field 200810b bu ||||| |||| 00| 0 bu d
020 ## - Международен стандартен номер на книга ISBN
Международен стандартен номер на книга ISBN 9786197350289
040 ## - Източник на каталожния запис
Идентификатор на билиотеката - собственик на записа BLK
041 ## - Код за език
Код за езика на текст/звукозапис или на отделно заглавие Български
Код за езика КДБФ Български
080 ## - УДК
Текстов определител УДК Приготвяне на храна(общи въпроси). Рецепти. Готварски книги
УДК код - определител по УДК 641.55
УДК - код + определител 641.55
139 ## - Редно поле
Редна дума Изкуството на старата българска кухня
Авторски знак Изк - И 41
245 ## - Сведения за заглавието
Заглавие Изкуството на старата българска кухня
Подзаглавни данни Кулинарното наследство на XIX век
Редно поле (дума) състав. Елена Кръстева
257 ## - Страна на издаване
Страна на създаване/издаване България
260 ## - Област на издателските данни
9 (RLIN) 216827
Място на издаване, разпространение и проч. София
Име на издателя, разпространителя и проч. Лист
Година на издаване 2018
300 ## - Физическа характеристика
Страници 336 с.
Размери/Мащаб 20 см
380 ## - Жанр
Жанр Техника
650 #0 - Допълнително описание по предмет – тема
9 (RLIN) 241856
Основно описание – тема или топоним Готварство - рецепти
653 #7 - Ключова дума – ненормативна
9 (RLIN) 182640
Ключова дума българска кухня
700 ## - Други автори (авторска отговорност)
9 (RLIN) 1478
Лично име Кръстева, Елена
Автороска отговорност (Описва отношението между автора и произведението) състав.
999 ## - СИСТЕМНИ КОНТРОЛНИ НОМЕРА
Koha biblionumber 380814
Koha biblioitemnumber 380814
942 ## - АРТИКУЛИ
Вид на библиотечния материал Книги
Скрит в OPAC Не
Периодичен библиозапис Да
Koha issues (borrowed), all copies 5
944 ## - СЪЗДАВАНЕ И РЕДАКЦИЯ на ЗАПИСА
Създаване/Редакция Създаване
Дата на регистрацията/редакция 2020-08-10
Служител, извършил регистрацията/редакцията 30564
Статус, дата на статуса Галина Якимова
999 ## - СИСТЕМНИ КОНТРОЛНИ НОМЕРА
Koha biblioitemnumber 380814
Наличности
Код за отписване Код за изгубен артикул Източник на класификационната схема Код за повреда Коз за рестрикции Код за отдаване Артикулен № Име на библиотеката - собственик Име на библиотеката, в която се намира в момента Статус (Текущо местоположение) Дата на вписване в системата Местоположение - отдел Цена в лева Систематично азбучна сигнатура Баркод Цена в евро Служебен тип на артикула
  Не е изгубен Universal Decimal Classification Не е повреден без рестрикции заемане за дома 800103 Регионална библиотека "Любен Каравелов" Русе Регионална библиотека "Любен Каравелов" Русе Заемна - подръчен фонд 2020-09-18 Заемна - подръчен фонд 12.00 64/И 41 120000847215 6.14 Книги
  Не е изгубен Universal Decimal Classification Не е повреден без рестрикции заемане за дома 800104 Регионална библиотека "Любен Каравелов" Русе Регионална библиотека "Любен Каравелов" Русе Заемна - подръчен фонд 2020-09-18 Заемна - подръчен фонд 12.00 64/И 41 120000847216 6.14 Книги
  Не е изгубен Universal Decimal Classification Не е повреден само за читалня ползва се в читалня 805429 Регионална библиотека "Любен Каравелов" Русе Регионална библиотека "Любен Каравелов" Русе Хранилище 2020-11-20 Хранилище 20.00 Цб 304627 120000850050 10.23 Книги
Vip Innovations Ltd, Rousse, Bulgaria 2025